000 nam a22 a 4500
999 _c419441
_d419441
003 BLK
005 20210611145636.0
008 210423b bu |||||r|||| 00| | bu d
040 _aBLK
041 _aBUL
_cBUL
080 _aОбувна промишленост
_b685.3
_z685.3(075.3)
100 _9456408
_aВълчев, Борис Ил.
_eпърви автор
139 _aВълчев, Борис Ил. и др.
245 _aМатериалознание по обущарство
_bЗа I курс на пром. у-ща за трудови резерви
_cБорис Ил. Вълчев и др.
257 _aBGR
260 _9216179
_aСофия
_bНар. просв.
_c1955
300 _a157 с. : 10 с.
_bс ил.
_c29 см
380 _a62
501 _aДр. авт.: Ив. Величков, Т. Тошев ; На кор. авт. означен Г. Гошев. - Цикл. изд. - 500 тир.
653 0 _9409672
_aобувно производство
653 7 _9190653
_aматериалознание
653 7 _9192578
_aобувки
653 7 _9199103
_aучебници
852 _aЦб 6.290.45181
_bЦб
942 _cKNG
_n0
_s1
944 _aCR
_c2021-06-11
_kКети